[Event "Olimpiade 2014 - Open"]
[Site "Tromsø"]
[Date "02.08.2014"]
[Round "1.13"]
[Board "4"]
[White "Gonzalez Vidal, Yuri"]
[Black "Vazquez Maccarini, Danitza"]
[Result "1-0"]
[WhiteTitle "GM"]
[BlackTitle "WIM"]
[WhiteElo "2550"]
[BlackElo "1965"]
[WhiteTeam "Cuba"]
[BlackTeam "Puerto Rico"]
[WhiteFideId "3503321"]
[BlackFideId "3101193"]
[EventDate "2014.08.02"]

1. e4 c5 2. Nf3 e6 3. d4 cxd4 4. Nxd4 a6 5. Bd3 Nf6 6. O-O Qc7 7. Qe2 d6 8. c4
g6 9. Nc3 Bg7 10. Rd1 O-O 11. Nf3 Nbd7 12. Bf4 Ng4 13. Rac1 Nge5 14. b3 b6 15.
Bb1 Nxf3+ 16. Qxf3 Ne5 17. Qe3 Re8 18. h3 Rb8 19. Qd2 Bf8 20. Be3 Bb7 21. f4 Nc6
22. Qf2 Ba8 23. Na4 b5 24. cxb5 axb5 25. Nb6 Rxb6 26. Bxb6 Qb7 27. Be3 d5 28.
Bc5 Bxc5 29. Rxc5 Nb4 30. e5 Na6 31. Rcc1 Rc8 32. Bd3 Rc6 33. Qd4 Qc7 34. Rxc6
Qxc6 35. b4 Bb7 36. Kh2 Nb8 37. Qc5 Na6 38. Qxc6 Bxc6 39. a3 Kf8 40. Rc1 Bd7 41.
Kg3 Ke7 42. Kf3 Kf8 43. Ke3 Ke7 44. Kd4 Kd8 45. g4 h6 46. h4 Ke7 47. Be2 Kf8 48.
a4 Nxb4 49. axb5 1-0

[Event "Olimpiade 2014 - Open"]
[Site "Tromsø"]
[Date "02.08.2014"]
[Round "1.14"]
[Board "1"]
[White "Pascoal, Eduardo A"]
[Black "Gajewski, Grzegorz"]
[Result "0-1"]
[WhiteTitle "FM"]
[BlackTitle "GM"]
[WhiteElo "2181"]
[BlackElo "2659"]
[WhiteTeam "Angola"]
[BlackTeam "Poland"]
[WhiteFideId "10100326"]
[BlackFideId "1116207"]
[EventDate "2014.08.02"]

1. d4 Nf6 2. Nf3 d5 3. Bf4 c5 4. e3 Nc6 5. c3 Qb6 6. Qc1 Bf5 7. Nbd2 Nh5 8. dxc5
Qxc5 9. Bc7 e6 10. Nd4 Qe7 11. Nb5 Qd7 12. Qd1 a6 13. Nd6+ Bxd6 14. Bxd6 Qxd6
15. Qxh5 O-O 16. Be2 Ne5 17. O-O Rac8 18. Qh4 Qb6 19. Nb3 Nc4 20. Qd4 Qc7 21.
Bxc4 dxc4 22. e4 Bg6 23. Nc1 Rfd8 24. Qe3 e5 25. a4 a5 26. b3 f6 27. f3 cxb3 28.
Nxb3 Qxc3 29. Qxc3 Rxc3 30. Nxa5 b6 31. Nb7 Rd7 32. a5 Rxb7 33. axb6 Rc6 0-1

[Event "Olimpiade 2014 - Open"]
[Site "Tromsø"]
[Date "02.08.2014"]
[Round "1.14"]
[Board "3"]
[White "Agnelo, Amorim"]
[Black "Bartel, Mateusz"]
[Result "0-1"]
[WhiteTitle "IM"]
[BlackTitle "GM"]
[WhiteElo "2225"]
[BlackElo "2640"]
[WhiteTeam "Angola"]
[BlackTeam "Poland"]
[WhiteFideId "10100180"]
[BlackFideId "1112635"]
[EventDate "2014.08.02"]

1. e4 e5 2. Nf3 Nc6 3. Nc3 Nf6 4. g3 Bc5 5. Bg2 d6 6. O-O a6 7. d3 h6 8. Be3
Bxe3 9. fxe3 Be6 10. Nh4 Ne7 11. Nf5 Bxf5 12. exf5 d5 13. d4 e4 14. Qe2 Qd7 15.
Rf4 O-O-O 16. Raf1 Kb8 17. b3 Rhe8 18. Nd1 Nc6 19. c3 h5 20. Nf2 Qe7 21. b4 Na7
22. a4 Qd7 23. Ra1 Nc8 24. Nd1 Nd6 25. Nb2 Nxf5 26. Bh3 Nxd4 27. cxd4 Qxh3 28.
b5 a5 29. Raf1 Rd6 30. Nd1 Qd7 31. Qd2 b6 32. Nc3 Rf8 33. Rf5 Rh8 34. h3 Qe7 35.
Qf2 Qd7 36. Kg2 Ka8 37. Qf4 c5 38. bxc6 Rxc6 39. Nb5 Rc2+ 40. Kg1 Rhc8 41. g4
hxg4 42. hxg4 Rc1 43. Rxc1 Rxc1+ 44. Kg2 Qc6 45. g5 Qc2+ 46. Qf2 Qd1 47. gxf6 g6
48. Rxd5 Qg4+ 49. Kh2 Rc8 50. Qg2 Qh4+ 0-1

[Event "Olimpiade 2014 - Open"]
[Site "Tromsø"]
[Date "02.08.2014"]
[Round "1.14"]
[Board "4"]
[White "Socko, Bartosz"]
[Black "Simoes, Joao ANG"]
[Result "1-0"]
[WhiteTitle "GM"]
[BlackTitle "CM"]
[WhiteElo "2612"]
[BlackElo "2245"]
[WhiteTeam "Poland"]
[BlackTeam "Angola"]
[WhiteFideId "1107038"]
[BlackFideId "10100520"]
[EventDate "2014.08.02"]

1. e4 e6 2. d4 d5 3. Nd2 dxe4 4. Nxe4 Bd7 5. Nf3 Bc6 6. Bd3 Nd7 7. O-O Ngf6 8.
Ng3 Bd6 9. Re1 O-O 10. Ne5 Re8 11. Bg5 h6 12. Bd2 Bf8 13. Nxc6 bxc6 14. c3 c5
15. dxc5 Nxc5 16. Bb5 Ncd7 17. Be3 c5 18. Qa4 Qc7 19. Rad1 Nb6 20. Qh4 g5 21.
Bxg5 hxg5 22. Qxg5+ Bg7 23. Bxe8 Rxe8 24. Rd3 Nh7 25. Qh4 Qe7 26. Qxe7 Rxe7 27.
Nf5 Re8 28. Rg3 exf5 29. Rxe8+ Nf8 30. Rf3 f6 31. Rb8 Kf7 32. Rb7+ Nfd7 33. a4
a5 34. b4 1-0

[Event "Olimpiade 2014 - Open"]
[Site "Tromsø"]
[Date "02.08.2014"]
[Round "1.15"]
[Board "3"]
[White "Hracek, Zbynek"]
[Black "Gator, Mosab"]
[Result "1-0"]
[WhiteTitle "GM"]
[BlackTitle "FM"]
[WhiteElo "2634"]
[BlackElo "2166"]
[WhiteTeam "Czech Republic"]
[BlackTeam "Libya"]
[WhiteFideId "300071"]
[BlackFideId "1312383"]
[EventDate "2014.08.02"]

1. d4 Nf6 2. c4 e6 3. Nc3 d5 4. cxd5 exd5 5. Bg5 Nbd7 6. e3 Be7 7. Bd3 c6 8. Nf3
O-O 9. O-O Re8 10. Qc2 g6 11. Rae1 Nf8 12. Ne5 Nh5 13. Bxe7 Rxe7 14. b4 Ng7 15.
Qb3 Be6 16. Na4 Nd7 17. Nxd7 Bxd7 18. Nc5 Bf5 19. b5 b6 20. Na6 Bxd3 21. Qxd3
cxb5 22. Qxb5 Qd7 23. a4 Ne8 24. Rc1 Rd8 25. Nb4 Nc7 26. Qxd7 Rexd7 27. Nc6 Ra8
28. Ne5 Re7 29. Rc6 Ne8 30. Rfc1 f6 31. Nd3 Kf7 32. g4 h6 33. Nf4 Rd8 34. Kg2 g5
35. Ne2 Rd6 36. Rc8 Rdd7 37. Nc3 Ke6 38. Nb5 Kf7 39. R1c6 a6 40. Nc3 Nd6 41. Rb8
Nc4 42. Nxd5 Rxd5 43. Rxc4 Rd6 44. Kf3 Kg6 45. e4 h5 46. h3 1-0

[Event "Olimpiade 2014 - Open"]
[Site "Tromsø"]
[Date "02.08.2014"]
[Round "1.15"]
[Board "4"]
[White "Asabri, Hussien"]
[Black "Babula, Vlastimil"]
[Result "0-1"]
[WhiteTitle "FM"]
[BlackTitle "GM"]
[WhiteElo "2202"]
[BlackElo "2549"]
[WhiteTeam "Libya"]
[BlackTeam "Czech Republic"]
[WhiteFideId "9200177"]
[BlackFideId "301264"]
[EventDate "2014.08.02"]

1. d4 Nf6 2. Nf3 d5 3. c4 e6 4. Nbd2 Be7 5. e3 O-O 6. Bd3 c5 7. O-O cxd4 8. exd4
b6 9. a3 Bb7 10. Re1 Nc6 11. b4 dxc4 12. Nxc4 b5 13. Ne3 a5 14. bxa5 Rxa5 15.
Bb2 b4 16. a4 Ba6 17. Bxa6 Rxa6 18. Qe2 Ra8 19. Qb5 Na5 20. Rad1 Rb8 21. Qa6 Nd5
22. Ne5 Bf6 23. N3g4 Bg5 24. Nf3 Be7 25. Nge5 b3 26. Rc1 Nb4 27. Qe2 Qd5 28. Rc7
Bd6 29. Rd7 Rbd8 30. Rxd8 Rxd8 31. Ng5 Bxe5 32. Qh5 Bf6 33. Qxf7+ Kh8 34. Rxe6
Bxg5 35. Bc3 h6 36. h4 Bf6 37. Bxb4 b2 38. Re8+ Rxe8 39. Qxe8+ Kh7 40. Qe1 Qf5
41. Qe4 0-1

[Event "Olimpiade 2014 - Open"]
[Site "Tromsø"]
[Date "02.08.2014"]
[Round "1.16"]
[Board "1"]
[White "Lim, Yee-Weng"]
[Black "Vallejo Pons, Francisco"]
[Result "0-1"]
[WhiteTitle "IM"]
[BlackTitle "GM"]
[WhiteElo "2311"]
[BlackElo "2698"]
[WhiteTeam "Malaysia"]
[BlackTeam "Spain"]
[WhiteFideId "5700590"]
[BlackFideId "2205530"]
[EventDate "2014.08.02"]

1. e4 e5 2. Nc3 Nf6 3. Nf3 Nc6 4. d4 exd4 5. Nxd4 Bb4 6. Nxc6 bxc6 7. Bd3 O-O 8.
O-O Re8 9. Qf3 Bd6 10. Bf4 Bxf4 11. Qxf4 d6 12. Rfe1 Nd7 13. Rad1 h6 14. b3 Qg5
15. Qg3 a5 16. Na4 Nf6 17. c4 Kf8 18. Bc2 Ba6 19. f3 Qxg3 20. hxg3 Nd7 21. c5
Nxc5 22. Nxc5 dxc5 23. Bd3 c4 24. Bxc4 Bxc4 25. bxc4 Ke7 26. Rd3 Red8 27. Red1
Rxd3 28. Rxd3 a4 29. Kf2 Rb8 30. Rd2 Rb4 31. Rc2 h5 32. Ke3 c5 33. Kf4 Kf6 34.
e5+ Ke6 35. Ke4 Rb1 36. Re2 Rd1 37. Kf4 g6 38. Rc2 Re1 39. g4 hxg4 40. Kxg4 Kxe5
41. Rd2 c6 42. Rd7 Ra1 43. f4+ Ke4 44. Kg5 Rxa2 45. g4 Rg2 46. Rxf7 Kf3 0-1

[Event "Olimpiade 2014 - Open"]
[Site "Tromsø"]
[Date "02.08.2014"]
[Round "1.16"]
[Board "2"]
[White "Anton Guijarro, David"]
[Black "Teh, Eu Wen Aron"]
[Result "1/2-1/2"]
[WhiteTitle "GM"]
[WhiteElo "2624"]
[BlackElo "2309"]
[WhiteTeam "Spain"]
[BlackTeam "Malaysia"]
[WhiteFideId "2285525"]
[BlackFideId "5704723"]
[EventDate "2014.08.02"]

1. d4 Nf6 2. c4 e6 3. Nf3 d5 4. Nc3 Bb4 5. Bg5 O-O 6. e3 Nbd7 7. cxd5 exd5 8.
Be2 c5 9. O-O Qa5 10. Qc2 cxd4 11. Nxd4 Bxc3 12. Nb3 Qb6 13. bxc3 Ne4 14. Bf4
Ndf6 15. Rab1 Qd8 16. Nd4 Nc5 17. Rfd1 Bg4 18. Bxg4 Nxg4 19. c4 Rc8 20. cxd5
Qxd5 21. Qe2 Nf6 22. Nb3 Qe4 23. Bd6 Na4 24. Bxf8 Nc3 25. Qe1 Nxd1 26. Rxd1 Kxf8
27. h3 b6 28. Nd4 Kg8 29. Qb4 h6 30. Qa3 Qb7 31. Nb5 Ne4 32. f3 Nc5 33. e4 Rf8
34. Rd5 a6 35. Nd6 Qc6 36. Nf5 Qf6 37. Qb4 Qa1+ 38. Kh2 Qxa2 39. Qxb6 Ne6 40.
Qa5 Qxa5 41. Ne7+ Kh7 42. Rxa5 Ra8 43. Nd5 g5 44. Kg3 Kg7 45. Kf2 Ra7 46. g3 Nc7
47. Nxc7 1/2-1/2

[Event "Olimpiade 2014 - Open"]
[Site "Tromsø"]
[Date "02.08.2014"]
[Round "1.16"]
[Board "3"]
[White "Fong, Yit San"]
[Black "Salgado Lopez, Ivan"]
[Result "0-1"]
[BlackTitle "GM"]
[WhiteElo "2143"]
[BlackElo "2620"]
[WhiteTeam "Malaysia"]
[BlackTeam "Spain"]
[WhiteFideId "5702640"]
[BlackFideId "2257327"]
[EventDate "2014.08.02"]

1. e4 c5 2. Nf3 Nc6 3. d4 cxd4 4. Nxd4 Qb6 5. Nb3 Nf6 6. Nc3 e6 7. Bd3 Be7 8.
O-O d6 9. Be3 Qc7 10. f4 a6 11. Qf3 O-O 12. g4 b5 13. g5 Nd7 14. f5 Nde5 15. Qg3
Re8 16. Nd4 Bd7 17. a3 Qb7 18. Rf2 b4 19. axb4 Qxb4 20. Nxc6 Bxc6 21. Rb1 a5 22.
Bf4 a4 23. Na2 Qb7 24. f6 Bf8 25. Bxe5 dxe5 26. Qxe5 g6 27. Nc3 Red8 28. Ne2 a3
29. Rff1 a2 30. Ra1 Bd6 31. Qc3 Bxe4 32. Bxe4 Qxe4 33. Ng3 Qd5 34. Rfd1 Bc5+ 35.
Kf1 Qxd1+ 0-1

[Event "Olimpiade 2014 - Open"]
[Site "Tromsø"]
[Date "02.08.2014"]
[Round "1.16"]
[Board "4"]
[White "Vazquez Igarza, Renier"]
[Black "Subramaniam, Sumant"]
[Result "1-0"]
[WhiteTitle "GM"]
[WhiteElo "2603"]
[BlackElo "2075"]
[WhiteTeam "Spain"]
[BlackTeam "Malaysia"]
[WhiteFideId "3503054"]
[BlackFideId "5702720"]
[EventDate "2014.08.02"]

1. Nf3 Nf6 2. c4 g6 3. Nc3 c5 4. d4 cxd4 5. Nxd4 Bg7 6. e4 O-O 7. Be2 Nc6 8. Nc2
d6 9. O-O Ne8 10. Bd2 Be6 11. Rb1 Rc8 12. Nd5 h6 13. Be3 b6 14. Nf4 Bd7 15. b3
Nc7 16. Qd2 Kh7 17. Rbd1 Ne5 18. Nd5 Ne8 19. Bd4 e6 20. Nc3 Qh4 21. f4 Ng4 22.
Bxg4 Qxg4 23. Bxg7 Kxg7 24. f5 Rc5 25. Qd4+ Re5 26. Ne1 exf5 27. h3 Qh5 28. exf5
f6 29. Nf3 gxf5 30. Nxe5 fxe5 31. Qd5 Qg6 32. Kh1 Rf6 33. Rf2 e4 34. Ne2 Qf7 35.
Nf4 Nc7 36. Qb7 Ne6 37. Rxd6 Nc5 38. Rxf6 Nxb7 39. Rxf7+ Kxf7 40. Rd2 Bc6 41.
Kg1 Ke7 42. Kf2 Nd6 43. Ke3 b5 44. c5 Nf7 45. Nd5+ Ke6 46. Nb4 Ba8 47. Kf4 1-0

[Event "Olimpiade 2014 - Open"]
[Site "Tromsø"]
[Date "02.08.2014"]
[Round "1.17"]
[Board "1"]
[White "Cheparinov, Ivan"]
[Black "Arias, Lemnys A."]
[Result "1-0"]
[WhiteTitle "GM"]
[BlackTitle "IM"]
[WhiteElo "2681"]
[BlackElo "2329"]
[WhiteTeam "Bulgaria"]
[BlackTeam "El Salvador"]
[WhiteFideId "2905540"]
[BlackFideId "6700284"]
[EventDate "2014.08.02"]

1. d4 d5 2. c4 c6 3. Nf3 Nf6 4. Nc3 a6 5. a4 g6 6. Bf4 Bg7 7. e3 O-O 8. Be2 Be6
9. O-O dxc4 10. e4 Nbd7 11. Ng5 b5 12. b3 h6 13. Nxe6 fxe6 14. Be3 e5 15. d5
cxd5 16. Nxd5 Rc8 17. bxc4 bxc4 18. Bxc4 Kh8 19. Bxa6 Rc6 20. Nxf6 Rxa6 21. Nxd7
Rd6 22. Nxf8 Rxd1 23. Nxg6+ Kh7 24. Rfxd1 Qa8 25. Nxe7 Qxe4 26. a5 1-0

[Event "Olimpiade 2014 - Open"]
[Site "Tromsø"]
[Date "02.08.2014"]
[Round "1.17"]
[Board "2"]
[White "Arias, Daniel"]
[Black "Iotov, Valentin"]
[Result "0-1"]
[WhiteTitle "FM"]
[BlackTitle "GM"]
[WhiteElo "2126"]
[BlackElo "2553"]
[WhiteTeam "El Salvador"]
[BlackTeam "Bulgaria"]
[WhiteFideId "6700640"]
[BlackFideId "2906074"]
[EventDate "2014.08.02"]

1. e4 c5 2. Nf3 e6 3. d4 cxd4 4. Nxd4 Nc6 5. Nc3 Qc7 6. g3 a6 7. Bg2 Nf6 8. O-O
d6 9. Be3 Be7 10. Nxc6 bxc6 11. Na4 Bb7 12. c4 c5 13. Nc3 O-O 14. g4 Nd7 15. f4
Rfe8 16. Rf3 Bf6 17. Rh3 Bxc3 18. bxc3 Nf6 19. g5 Nxe4 20. Qh5 h6 21. gxh6 g6
22. Qh4 Qe7 23. h7+ Kh8 24. Qxe7 Rxe7 25. Rd1 Nxc3 26. Rxd6 Bxg2 27. Kxg2 Ne4
28. Rc6 Rd7 29. Bc1 Rb8 30. Rxa6 f5 31. Rxe6 Rd1 32. Ba3 Rd2+ 33. Kf3 Rxa2 34.
Bc1 Rb3+ 0-1

[Event "Olimpiade 2014 - Open"]
[Site "Tromsø"]
[Date "02.08.2014"]
[Round "1.17"]
[Board "3"]
[White "Rusev, Krasimir"]
[Black "Burgos Figueroa, Carlos E."]
[Result "1-0"]
[WhiteTitle "GM"]
[BlackTitle "IM"]
[WhiteElo "2548"]
[BlackElo "2258"]
[WhiteTeam "Bulgaria"]
[BlackTeam "El Salvador"]
[WhiteFideId "2905434"]
[BlackFideId "6700187"]
[EventDate "2014.08.02"]

1. d4 c5 2. d5 e5 3. e4 d6 4. c4 Be7 5. g3 Bg5 6. Nd2 h5 7. h4 Bh6 8. Bh3 Nd7 9.
Ngf3 Ngf6 10. Ng5 g6 11. Kf1 Kf8 12. a3 Kg7 13. Kg2 Nb6 14. Bxc8 Rxc8 15. Qe2
Qe7 16. b3 Nbd7 17. Rb1 b6 18. Bb2 Rhe8 19. Ndf3 Ng4 20. Bc3 Nf8 21. Nh3 Nh7 22.
Ne1 Kg8 23. f3 Ngf6 24. Nd3 Qd7 25. Nhf2 b5 26. Nb2 Rb8 27. cxb5 Rxb5 28. Nc4
Reb8 29. Na5 Qc7 30. Nc6 R8b7 31. b4 cxb4 32. Bxb4 Bf8 33. Bxd6 Rxb1 34. Bxc7
R7b2 35. Qe3 Rb3 36. Qxa7 R1b2 37. Bxe5 1-0

[Event "Olimpiade 2014 - Open"]
[Site "Tromsø"]
[Date "02.08.2014"]
[Round "1.17"]
[Board "4"]
[White "Chavez, Ricardo Ernesto"]
[Black "Dimitrov, Radoslav"]
[Result "0-1"]
[WhiteTitle "FM"]
[BlackTitle "IM"]
[WhiteElo "2165"]
[BlackElo "2461"]
[WhiteTeam "El Salvador"]
[BlackTeam "Bulgaria"]
[WhiteFideId "6700098"]
[BlackFideId "2908549"]
[EventDate "2014.08.02"]

1. e4 c5 2. Nf3 Nc6 3. Bb5 d6 4. Bxc6+ bxc6 5. O-O e5 6. c3 Nf6 7. Re1 Bg4 8. d4
Bxf3 9. Qxf3 Nd7 10. Na3 Be7 11. Nc4 cxd4 12. cxd4 exd4 13. Qg3 O-O 14. Bh6 Bf6
15. Nxd6 Kh8 16. Bf4 g5 17. Bd2 Be5 18. Qa3 Qb8 19. Nf5 Bxh2+ 20. Kh1 Bf4 21.
Bxf4 Qxf4 22. Qe7 Rad8 23. g3 Qxf2 24. Rf1 Qe2 25. Nd6 Qh5+ 26. Kg1 f6 27. Nb7
Qe8 28. Qxd8 Qxd8 29. Nxd8 Rxd8 30. Rac1 c5 31. Rf5 Rb8 32. Rd5 Rb7 33. b4 cxb4
34. Rxd4 Kg7 35. Rcc4 a5 36. Kg2 Ne5 37. Rc5 a4 38. Rd1 b3 39. axb3 Rxb3 40. Ra1
a3 41. Ra5 Rb2+ 42. Kf1 Nc4 43. Ra4 Ne3+ 44. Kg1 Nc2 45. R1xa3 Nxa3 46. Rxa3 Kg6
47. g4 Kf7 48. Ra7+ Ke6 49. Rxh7 Re2 50. Rh3 Ke5 51. Rf3 Rxe4 52. Rg3 Kf4 53.
Rg2 Re1+ 54. Kh2 Rf1 0-1

[Event "Olimpiade 2014 - Open"]
[Site "Tromsø"]
[Date "02.08.2014"]
[Round "1.18"]
[Board "1"]
[White "Iyti, Basher"]
[Black "Negi, Parimarjan"]
[Result "1/2-1/2"]
[WhiteTitle "IM"]
[BlackTitle "GM"]
[WhiteElo "2263"]
[BlackElo "2645"]
[WhiteTeam "Syria"]
[BlackTeam "India"]
[WhiteFideId "7601875"]
[BlackFideId "5016690"]
[EventDate "2014.08.02"]

1. d4 d5 2. Nf3 Nf6 3. e3 g6 4. c4 e6 5. Nbd2 Bg7 6. Bd3 O-O 7. O-O b6 8. b4 Bb7
9. Qc2 dxc4 10. Bxc4 Nbd7 11. Rb1 Rc8 12. b5 Nd5 13. Qb3 Re8 14. a4 N5f6 15. Ba3
Ne4 16. Rfd1 Nxd2 17. Rxd2 Qf6 18. d5 e5 19. e4 Bf8 20. Bb2 Bd6 21. Re2 Ra8 22.
Ne1 Nc5 23. Qc2 a6 24. Nd3 axb5 25. Nxc5 Bxc5 26. axb5 Bc8 27. Kh1 Bd7 28. f3 h5
29. Ree1 h4 30. Rf1 g5 31. h3 Qd6 32. Qd2 f6 33. Ra1 Kg7 34. Bc3 Qf8 35. Rxa8
Rxa8 36. Bxe5 fxe5 37. Qxg5+ Kh7 38. Qh5+ Qh6 39. Qf7+ Qg7 40. Qh5+ Kg8 41. d6+
Kf8 42. f4 cxd6 43. fxe5+ Ke7 44. Rf7+ Kd8 1/2-1/2

[Event "Olimpiade 2014 - Open"]
[Site "Tromsø"]
[Date "02.08.2014"]
[Round "1.18"]
[Board "2"]
[White "Sethuraman, S.P."]
[Black "Omrani, Hasan"]
[Result "1-0"]
[WhiteTitle "GM"]
[WhiteElo "2590"]
[BlackElo "2085"]
[WhiteTeam "India"]
[BlackTeam "Syria"]
[WhiteFideId "5021596"]
[BlackFideId "7601735"]
[EventDate "2014.08.02"]

1. d4 d5 2. c4 c6 3. Nc3 Nf6 4. e3 e6 5. Nf3 dxc4 6. Bxc4 c5 7. d5 exd5 8. Nxd5
Be6 9. Nxf6+ Qxf6 10. Bb5+ Nd7 11. e4 Qg6 12. O-O O-O-O 13. Qa4 Bd6 14. Qxa7
Qxe4 15. Re1 Qb4 16. Bxd7+ Bxd7 17. Bd2 Qa4 18. Ba5 Rde8 19. Red1 Qc6 20. Rac1
Re4 21. b4 Rhe8 22. b5 Bb8 23. bxc6 1-0

[Event "Olimpiade 2014 - Open"]
[Site "Tromsø"]
[Date "02.08.2014"]
[Round "1.18"]
[Board "4"]
[White "Lalith, Babu M.R."]
[Black "Al-Tarbosh, Ward"]
[Result "1-0"]
[WhiteTitle "GM"]
[BlackTitle "FM"]
[WhiteElo "2565"]
[BlackElo "2272"]
[WhiteTeam "India"]
[BlackTeam "Syria"]
[WhiteFideId "5024595"]
[BlackFideId "7601450"]
[EventDate "2014.08.02"]

1. d4 d5 2. Nf3 Nf6 3. c4 c6 4. Nc3 dxc4 5. a4 Bf5 6. Ne5 Nbd7 7. Nxc4 Bg6 8. g3
Nd5 9. Bg2 e6 10. O-O Be7 11. e4 Nb4 12. Bf4 O-O 13. Qe2 a5 14. Rfd1 Bf6 15. h4
h6 16. Rac1 Ra6 17. Nd6 Qa8 18. h5 Bh7 19. Qg4 Kh8 20. Bf1 Ra7 21. d5 cxd5 22.
Ndb5 d4 23. Nxa7 dxc3 24. bxc3 Na2 25. Rc2 Nxc3 26. Rxd7 Qxa7 27. e5 Bxc2 28.
exf6 gxf6 29. Bxh6 Rg8 30. Rd8 Bg6 31. hxg6 1-0

[Event "Olimpiade 2014 - Open"]
[Site "Tromsø"]
[Date "02.08.2014"]
[Round "1.20"]
[Board "1"]
[White "Olape, Bunmi"]
[Black "Jobava, Baadur"]
[Result "0-1"]
[WhiteTitle "IM"]
[BlackTitle "GM"]
[WhiteElo "2273"]
[BlackElo "2713"]
[WhiteTeam "Nigeria"]
[BlackTeam "Georgia"]
[WhiteFideId "8500290"]
[BlackFideId "13601520"]
[EventDate "2014.08.02"]

1. e4 c5 2. Nf3 b6 3. Nc3 Bb7 4. Bc4 e6 5. O-O Nf6 6. Re1 Nc6 7. e5 d5 8. Bf1
Nd7 9. d3 Be7 10. Bf4 g5 11. Bg3 g4 12. Nd2 h5 13. Nb3 a6 14. Bf4 Bg5 15. Qd2
Rg8 16. d4 cxd4 17. Nxd4 Bxf4 18. Qxf4 Qg5 19. Qxg5 Rxg5 20. Nxc6 Bxc6 21. Ne2
Bb5 22. Nd4 Bxf1 23. Kxf1 Nxe5 24. Re2 Kd7 25. Rae1 Nc4 26. c3 h4 27. Kg1 Rh8
28. Rf1 Kd6 29. Rfe1 e5 30. Nb3 g3 31. fxg3 hxg3 32. hxg3 Rxg3 33. Rf1 Rh7 34.
Rf6+ Ke7 35. Rff2 Re3 36. Rxe3 Nxe3 37. Re2 Ng4 38. Nd4 Kd6 39. Nf5+ Kd7 40. a4
Rh5 41. Ng3 Rg5 42. Rd2 Ne3 43. Ne4 Rxg2+ 44. Rxg2 Nxg2 45. Nf6+ Ke6 46. Ne8 Ne3
47. Nc7+ Kd6 48. Nxa6 Nd1 49. b4 Nxc3 50. a5 bxa5 51. bxa5 Na2 52. Nb8 Nb4 0-1

[Event "Olimpiade 2014 - Open"]
[Site "Tromsø"]
[Date "02.08.2014"]
[Round "1.20"]
[Board "2"]
[White "Mchedlishvili, Mikheil"]
[Black "Kigigha, Bomo"]
[Result "1-0"]
[WhiteTitle "GM"]
[BlackTitle "CM"]
[WhiteElo "2618"]
[BlackElo "2197"]
[WhiteTeam "Georgia"]
[BlackTeam "Nigeria"]
[WhiteFideId "13600966"]
[BlackFideId "8500037"]
[EventDate "2014.08.02"]

1. d4 d5 2. c4 e6 3. Nc3 Nf6 4. cxd5 exd5 5. Bg5 Be7 6. e3 O-O 7. Bd3 c6 8. Nge2
Nbd7 9. O-O Re8 10. f3 h6 11. Bh4 c5 12. Rc1 b6 13. Re1 Bb7 14. Bf2 c4 15. Bb1
a6 16. Ng3 g6 17. e4 dxe4 18. fxe4 h5 19. h3 h4 20. Nf1 Nh5 21. e5 Bg5 22. Ne3
b5 23. Ne4 Bxe4 24. Bxe4 Ra7 25. Qf3 Nf8 26. Rcd1 Ne6 27. d5 Nc5 28. Nxc4 Nxe4
29. Bxa7 Nhg3 30. Nd6 Nxd6 31. exd6 Rxe1+ 32. Rxe1 Qxd6 33. Re8+ Kg7 34. Bd4+ f6
35. Re6 Qd8 36. d6 Nf5 37. Qb7+ Kh6 38. Bf2 Nxd6 39. Qd5 Nf7 40. Qxd8 Nxd8 41.
Rxa6 b4 42. Rb6 1-0

[Event "Olimpiade 2014 - Open"]
[Site "Tromsø"]
[Date "02.08.2014"]
[Round "1.20"]
[Board "3"]
[White "Ajibowo, Olamide Patrick"]
[Black "Pantsulaia, Levan"]
[Result "0-1"]
[WhiteTitle "FM"]
[BlackTitle "GM"]
[WhiteElo "2168"]
[BlackElo "2581"]
[WhiteTeam "Nigeria"]
[BlackTeam "Georgia"]
[WhiteFideId "8500444"]
[BlackFideId "13602071"]
[EventDate "2014.08.02"]

1. e4 c5 2. Nf3 a6 3. d4 cxd4 4. Nxd4 Nf6 5. Nc3 e5 6. Nf3 Nc6 7. a3 Bc5 8. Bc4
d6 9. h3 Be6 10. Bd5 h6 11. O-O O-O 12. Qd3 Rc8 13. Be3 Bxe3 14. Qxe3 Bxd5 15.
exd5 Ne7 16. Rfd1 Re8 17. Rd2 Nf5 18. Qa7 Qc7 19. Na4 Nd7 0-1

[Event "Olimpiade 2014 - Open"]
[Site "Tromsø"]
[Date "02.08.2014"]
[Round "1.20"]
[Board "4"]
[White "Nigalidze, Gaioz"]
[Black "Balogun, Oluwafemi"]
[Result "1-0"]
[WhiteTitle "GM"]
[BlackTitle "CM"]
[WhiteElo "2542"]
[BlackElo "2187"]
[WhiteTeam "Georgia"]
[BlackTeam "Nigeria"]
[WhiteFideId "13603078"]
[BlackFideId "8501246"]
[EventDate "2014.08.02"]

1. Nf3 Nf6 2. c4 g6 3. Nc3 Bg7 4. d4 d6 5. e4 O-O 6. Be2 e5 7. O-O Nc6 8. d5 Ne7
9. Ne1 Nd7 10. Be3 f5 11. f3 f4 12. Bf2 g5 13. Nd3 Ng6 14. c5 Nf6 15. Rc1 Rf7
16. cxd6 cxd6 17. Be1 h5 18. Nf2 Bf8 19. h3 Rg7 20. Nb5 a6 21. Na3 b5 22. Nc2
Nh8 23. Nb4 Nf7 24. a4 Nh6 25. Nc6 Qe8 26. Nd3 g4 27. Bh4 gxh3 28. Rf2 Nh7 29.
Bf1 Ng5 30. Rcc2 Bd7 31. Kh1 Kh7 32. gxh3 Nxh3 33. Rg2 Rxg2 34. Rxg2 Nf7 35. Qe1
Bh6 36. Be2 Bxc6 37. dxc6 Qxc6 38. Nb4 Qc8 39. Nd5 Nfg5 40. Nb6 Qc6 41. Nxa8
Qxa8 42. Qc3 Qb7 43. Qb3 Qc8 44. axb5 axb5 45. Qxb5 Ne6 46. Qc4 Qd7 47. b4 Bg5
48. Be1 Nd4 49. Bd1 Kh6 50. Qg8 d5 51. Bh4 Qe7 52. Qh8+ Kg6 53. Ba4 1-0

[Event "Olimpiade 2014 - Open"]
[Site "Tromsø"]
[Date "02.08.2014"]
[Round "1.21"]
[Board "1"]
[White "Granda Zuniga, Julio E"]
[Black "Khairallah, Faisal"]
[Result "1-0"]
[WhiteTitle "GM"]
[BlackTitle "FM"]
[WhiteElo "2663"]
[BlackElo "2307"]
[WhiteTeam "Peru"]
[BlackTeam "Lebanon"]
[WhiteFideId "3800024"]
[BlackFideId "4628250"]
[EventDate "2014.08.02"]

1. e4 Nf6 2. e5 Nd5 3. Nf3 d6 4. d4 dxe5 5. Nxe5 c6 6. Qf3 Be6 7. c3 Nd7 8. Nd3
g6 9. Nd2 Bg7 10. Be2 O-O 11. O-O Bf5 12. Nc4 Bxd3 13. Qxd3 e5 14. Nxe5 Nxe5 15.
dxe5 Bxe5 16. g3 Qb6 17. Qf3 Bg7 18. Bc4 Qc5 19. Bb3 Rae8 20. Bd2 Re5 21. Rae1
Rfe8 22. Rxe5 Rxe5 23. Be3 Qa5 24. Rd1 Rf5 25. Qe4 Re5 26. Qc4 Rf5 27. Bd4 Bxd4
28. Qxd4 Qb6 29. Qxb6 axb6 30. c4 Nb4 31. Rd7 c5 32. a3 Rf3 33. Ba4 Nc6 34. Rxb7
Na5 35. Rxb6 Nxc4 36. Rb8+ Kg7 37. Bd1 Rd3 38. Be2 Rd4 39. Rb3 Ne5 40. Kf1 g5
41. Rb5 Nd7 42. Ke1 Kf6 43. b3 Ke7 44. a4 Kd6 45. a5 Kc6 46. a6 Re4 47. a7 Re8
48. Ra5 Kd5 1-0